000 00341nab a22001097u 4500
008 130520b1987 xxu||||| |||| 00| 0 spa d
041 _aspa
100 1 _aSchröder, H.
_967426
245 0 0 _aEl empobrecimiento de las madres enriquece a los padres
_cH. Schröder
773 0 _tConcilium
_gV.2,1987,págs.349-359
_x0210-1041
_wRev134
942 _cAR
999 _c355344
_d355344